00351nam a2200157Ia 4500008004100000041000800041100001800049245001800067260004000085300000800125365001200133500000800145520001200153650000900165999001900174230605s2006 xx 000 0 und d aeng aAbbott Lewrey aFront Office bElsevier Butter Worth c2006c2006 a211 b180h20 a116 aGeneral aF.O. c418200d418200